000 00893nam0a22002651 4500
001 rc\3916166
005 20250611021852.0
021 _aRU
_b[53-26416]
035 _a(NLR Aleph) 008022823
090 _a8771812
_c8771812
100 _a20130415d1953 |||y0rusy50 ca
101 0 _arus
102 _aRU
105 _aa z |||||
200 1 _aМногоканальные радиорелейные линии связи
_fМ-во связи СССР. Техн. упр.
210 _aМосква
_cСвязьиздат
_d1953
215 _a48 с.
_cчерт.
_d22
225 1 _aЛекции по технике связи
606 _aЛинии связи, многоканальные
_2psbo
700 1 _aБородич
_bС.В.
_gСергей Владимирович
801 0 _aRU
_bNLR
_gpsbo
801 1 _aRU
_bELAR
_2rusmarc
852 _aNLR
_jТ94 Г-6/304
942 _cBOOK
980 _aNB